The three-cornered world/ (Record no. 186152)
[ view plain ]
| 000 -LEADER | |
|---|---|
| fixed length control field | 00480cam1a220018100 4500 |
| 001 - CONTROL NUMBER | |
| control field | tmp15946869 |
| 003 - CONTROL NUMBER IDENTIFIER | |
| control field | UPRA |
| 005 - DATE AND TIME OF LATEST TRANSACTION | |
| control field | 20190830104612.0 |
| 008 - FIXED-LENGTH DATA ELEMENTS--GENERAL INFORMATION | |
| fixed length control field | 951114s1968 ja eng u |
| 020 ## - INTERNATIONAL STANDARD BOOK NUMBER | |
| International Standard Book Number | 4805302011 |
| 035 ## - SYSTEM CONTROL NUMBER | |
| System control number | (Sirsi) r25912 |
| 050 ## - LIBRARY OF CONGRESS CALL NUMBER | |
| Classification number | PT 812.A8T8 SOS 1968 |
| 100 1# - MAIN ENTRY--PERSONAL NAME | |
| Personal name | Natusme, Soseki, 1867-1916. |
| 245 14 - TITLE STATEMENT | |
| Title | The three-cornered world/ |
| Statement of responsibility, etc. | by Natsume Soseki |
| 260 ## - PUBLICATION, DISTRIBUTION, ETC. | |
| Place of publication, distribution, etc. | Tokyo : |
| Name of publisher, distributor, etc. | Charles E. Tuttle, |
| Date of publication, distribution, etc. | 1968. |
| 300 ## - PHYSICAL DESCRIPTION | |
| Extent | 184p. |
| 650 ## - SUBJECT ADDED ENTRY--TOPICAL TERM | |
| Topical term or geographic name entry element | literature |
No items available.